So great a salvation : (Registro nro. 26158)

Detalles MARC
000 -LEADER
campo de control de longitud fija 02132cam a22003374i 4500
003 - IDENTIFICADOR DE NÚMERO DE CONTROL
campo de control PE-LiUPU
005 - FECHA Y HORA DE LA ÚLTIMA TRANSACCIÓN
campo de control 20260203121843.0
008 - DATOS DE LONGITUD FIJA--INFORMACIÓN GENERAL
campo de control de longitud fija 2017s2017 xxk||||r ||| ||eng d
020 ## - NÚMERO INTERNACIONAL ESTÁNDAR DEL LIBRO
Número Internacional Estándar del Libro 9781783683789
035 ## - NÚMERO DE CONTROL DEL SISTEMA
Número de control de sistema PE-LiUPU47549
040 ## - FUENTE DE CATALOGACIÓN
Centro catalogador/agencia de origen PE-LiUPU
Lengua de catalogación eng
Centro/agencia transcriptor PE-LiUPU
Normas de descripción rda
082 04 - NÚMERO DE LA CLASIFICACIÓN DECIMAL DEWEY
Número de clasificación 234.2
Cutter S678
Número de edición 220
245 00 - MENCIÓN DEL TÍTULO
Título So great a salvation :
Resto del título soteriology in the majority world /
Mención de responsabilidad, etc. editado por Gene L. Green, Stephen T. Pardue, y K. K. Yeo.
264 #1 - PRODUCCIÓN, PUBLICACIÓN, DISTRIBUCIÓN, FABRICACIÓN Y COPYRIGHT
Producción, publicación, distribución, fabricación y copyright Carlisle, Cumbria :
Nombre del de productor, editor, distribuidor, fabricante Langham Global Library,
Fecha de producción, publicación, distribución, fabricación o copyright 2017.
300 ## - DESCRIPCIÓN FÍSICA
Extensión 196 páginas :
Otras características físicas ilustraciones (portada) ;
Dimensiones 23 cm
336 ## - TIPO DE CONTENIDO
Término de tipo de contenido text
Fuente rdacontent
337 ## - TIPO DE MEDIO
Nombre/término del tipo de medio unmediated
Fuente rdamedia
338 ## - TIPO DE SOPORTE
Nombre/término del tipo de soporte volume
Fuente rdacarrier
504 ## - NOTA DE BIBLIOGRAFÍA, ETC.
Nota de bibliografía, etc. Incluye referencias bibliográficas e índices.
505 0# - NOTA DE CONTENIDO CON FORMATO
Nota de contenido con formato Introduction: So great a salvation / K. K. Yeo -- The new covenant and new creation: western soteriologies and the fullness of the gospel / Daniel J. Treier -- Telling our stories: salvation in the African context / Emily J. Choge Kerama -- Luke 4:18–19 and salvation: marginalization of women in the Pentecostal church in Botswana / Rosinah Mmannana Gabaitse -- Con las venas abiertas: the hope of life and salvation in Latin American theologies / Jules A. Martínez-Olivieri -- From what do we need to be saved? Reflections on God's justice and material salvation / Milton Acosta -- An indigenous reinterpretation of repentance: a step on the journey to reconciliation / Ray Aldred -- Salvation as reconciliation: toward a theology of reconciliation in the division of the Korean Peninsula / Sung Wook Chung -- Qohelet's gospel in Ecclesiastes / Elaine W. F. Goh.
650 14 - PUNTO DE ACCESO ADICIONAL DE MATERIA--TÉRMINO DE MATERIA
Término de materia o nombre geográfico como elemento de entrada Soteriología
9 (RLIN) 2196
650 14 - PUNTO DE ACCESO ADICIONAL DE MATERIA--TÉRMINO DE MATERIA
Término de materia o nombre geográfico como elemento de entrada Teología doctrinal
Subdivisión geográfica Países en desarrollo.
9 (RLIN) 3091
650 10 - PUNTO DE ACCESO ADICIONAL DE MATERIA--TÉRMINO DE MATERIA
Término de materia o nombre geográfico como elemento de entrada Salvación
9 (RLIN) 870
700 1# - ENTRADA AGREGADA--NOMBRE PERSONAL
Nombre de persona Green, Gene L.,
Término indicativo de función/relación editor.
700 1# - ENTRADA AGREGADA--NOMBRE PERSONAL
Nombre de persona Pardue, Stephen T.,
Término indicativo de función/relación editor.
700 1# - ENTRADA AGREGADA--NOMBRE PERSONAL
Nombre de persona Yeo, K. K.,
Término indicativo de función/relación editor.
710 ## - ENTRADA AGREGADA--NOMBRE DE ENTIDAD CORPORATIVA
Nombre de entidad corporativa o nombre de jurisdicción como elemento de entrada Langham Global Library,
Término indicativo de función/relación editor.
9 (RLIN) 6398
856 40 - LOCALIZACIÓN Y ACCESO ELECTRÓNICOS
Identificador Uniforme de Recursos <a href="https://langhamliterature.org/books/so-great-a-salvation">https://langhamliterature.org/books/so-great-a-salvation</a>
Nota pública Acceso en línea (Langham Literature).
942 ## - ELEMENTOS DE ENTRADA SECUNDARIOS (KOHA)
Fuente del sistema de clasificación o colocación Clasificación Decimal Dewey
Tipo de ítem Koha Libros físicos
980 ## - EQUIVALENCIA O REFERENCIA-CRUZADA-MENCIÓN DE SERIE--NOMBRE DE PERSONA/TÍTULO [LOCAL, CANADÁ]
ID del último usuario que modificó el registro 18226
Nombre del último usuario que modificó el registro Jaime Vilcazán Jefe de Análisis Documental
Existencias
Visto por última vez Número de inventario Total de préstamos Signatura topográfica completa Código de barras Copia número Coste, precio de reemplazo Fecha de reemplazo Facultad Tipo de ítem Koha Nota pública Estado de pérdida Fuente del sistema de clasificación o colocación Restricciones de uso No para préstamo Colección Programa académico Biblioteca de origen Biblioteca actual Ubicación en estantería Fecha de adquisición Fuente de adquisición Coste, precio normal de compra
2025-12-03 5   234.2 S678 77549 e1 17.00 2017-12-13 Teología Libros físicos inventario-2023-12-13 No Perdido Clasificación Decimal Dewey No restringido Disponible para préstamos Colección General Maestría en teología Biblioteca CRAI UPeU Lima Biblioteca CRAI UPeU Lima Sala principal 2017-12-13 COMPRA 12.00